| 000 | 00673nam a2200193Ia 4500 | ||
|---|---|---|---|
| 003 | GCL | ||
| 008 | 140319s9999 xx 000 0 ara d | ||
| 020 | _a?107610977 | ||
| 040 |
_aGCL / _cGCL |
||
| 082 | 0 | 4 |
_a189.19 _bا ف \\=aاحمد سما يلوفتشv |
| 245 | 1 | 0 | _aفلسفة الاستشراق واثرها فى الادب العربى المعاصر |
| 250 | _aالاولى | ||
| 260 |
_aالقاهرة : _bدار الفكر العربى ، _c1998 |
||
| 300 |
_a779 ص ؛ _c24 سم |
||
| 650 | 0 | 4 | _aالفلسفة الاسلامية |
| 650 | 0 | 4 | _aالاستشراق والمستشرقون |
| 650 | 0 | 4 | _aالادب العربى - فلسفة |
| 942 |
_2ddc _cBK |
||
| 999 |
_c30423 _d30423 |
||